[Event "14th Africa-ch (w)"]
[Site "Lilongwe MAW"]
[Date "2021.05.21"]
[Round "4.10"]
[White "Wanjiru, Lucy"]
[Black "Nassr, Manel"]
[Result "1-0"]
[WhiteElo "1623"]
[BlackElo "1670"]
[PlyCount "103"]
[EventDate "2021.05.18"]

1. e4 c5 2. Nf3 e6 3. d4 cxd4 4. Nxd4 Nf6 5. Nc3 Nc6 6. Be2 Bb4 7. Nxc6 bxc6 8. Bf3 Ba6 9. Bd2 Qb6 10. Na4 Bxd2+ 11. Qxd2 Qb5 12. b3 O-O 13. c4 Qe5 14. Qc3 Qg5 15. e5 Ng4 16. Nc5 Bc8 17. Nd3 f6 18. Bxg4 Qxg4 19. O-O f5 20. f4 h5 21. Rf3 h4 22. Nf2 Qh5 23. Nh3 c5 24. Ng5 Bb7 25. Rf2 Rfd8 26. Qe3 Rac8 27. Rd2 Bc6 28. Rad1 Re8 29. Re1 a5 30. h3 a4 31. Qxc5 axb3 32. axb3 Bxg2 33. Qd4 Bc6 34. b4 Red8 35. b5 Bb7 36. c5 Bd5 37. Qb4 Qe8 38. Rc2 Qf8 39. Rec1 Rc7 40. Qe1 g6 41. Qxh4 Qg7 42. Nxe6 dxe6 43. Qxd8+ Kh7 44. Qh4+ Kg8 45. c6 Qf8 46. b6 Rh7 47. Qg3 Qb4 48. Qe3 Qf8 49. b7 Rc7 50. Ra1 Kg7 51. Qb6 Qd8 52. b8=Q 1-0

[Event "14th Africa-ch (w)"]
[Site "Lilongwe MAW"]
[Date "2021.05.21"]
[Round "4.11"]
[White "Makwena, Christine"]
[Black "Staal, Michaela Francis"]
[Result "1/2-1/2"]
[WhiteElo "1638"]
[BlackElo "1356"]
[PlyCount "117"]
[EventDate "2021.05.18"]

1. d4 Nf6 2. c4 c5 3. d5 e6 4. Nc3 exd5 5. cxd5 d6 6. e4 g6 7. Bd3 Bg7 8. Nge2 O-O 9. O-O Re8 10. Qc2 Nbd7 11. f4 a6 12. a4 Rb8 13. Rb1 Qc7 14. b3 c4 15. Bxc4 Nc5 16. e5 Bf5 17. Qb2 dxe5 18. fxe5 Nce4 19. Nxe4 Nxe4 20. Kh1 Bxe5 21. Bf4 Bxf4 22. Nxf4 Nc5 23. Rbc1 Qd6 24. Rcd1 Re4 25. Nd3 Nxd3 26. Bxd3 Rh4 27. g3 Qxd5+ 28. Qg2 Qxg2+ 29. Kxg2 Bh3+ 30. Kf2 Rb4 31. Rfe1 Rxb3 32. Re7 Kf8 33. Rc7 Rd8 34. Be2 Rxd1 35. Bxd1 Rb2+ 36. Ke3 Kg7 37. Bf3 Rb3+ 38. Kf2 Rb2+ 39. Ke3 Rxh2 40. Bxb7 Ra2 41. Bxa6 Ra3+ 42. Kf2 Rxa4 43. Bc4 Kh6 44. Bxf7 Rd4 45. Be8 Rd1 46. Bb5 Rd5 47. Ba4 Ra5 48. Bd7 Bxd7 49. Rxd7 Rf5+ 50. Kg2 g5 51. Rd6+ Kg7 52. Ra6 g4 53. Ra4 h5 54. Ra6 Rf6 55. Ra7+ Kg6 56. Ra5 Rf5 57. Ra8 Kf6 58. Ra6+ Kg5 59. Ra8 1/2-1/2

[Event "14th Africa-ch (w)"]
[Site "Lilongwe MAW"]
[Date "2021.05.21"]
[Round "4.12"]
[White "Bobrova, Lubov"]
[Black "Mugide, Safinah"]
[Result "1-0"]
[WhiteElo "1397"]
[BlackElo "1518"]
[PlyCount "131"]
[EventDate "2021.05.18"]

1. d4 e6 2. c4 Nf6 3. Nc3 d5 4. Bg5 Nbd7 5. e4 Be7 6. Nf3 a6 7. Be2 Nxe4 8. Bxe7 Qxe7 9. Nxe4 dxe4 10. Nd2 f5 11. a3 c5 12. Nb3 O-O 13. O-O b6 14. Qd2 Bb7 15. Rad1 Rad8 16. Qc3 Nf6 17. Rd2 cxd4 18. Nxd4 e5 19. Nxf5 Qe6 20. Ng3 Kh8 21. Rfd1 Rxd2 22. Qxd2 Qe7 23. Qd6 Qf7 24. Qxe5 Nd7 25. Qc7 Qxf2+ 26. Kh1 Bc8 27. Rf1 Qe3 28. Rxf8+ Nxf8 29. Qxc8 Qc1+ 30. Bf1 Kg8 31. Qf5 g6 32. Qxe4 Qxb2 33. Qd3 a5 34. h3 Kg7 35. Be2 Qc1+ 36. Kh2 Qf4 37. Qe4 Qd6 38. h4 Qxa3 39. Qb7+ Kh6 40. Qxb6 Qb4 41. Qxb4 axb4 42. Bd3 Kg7 43. Ne4 Kf7 44. Nc5 Ke7 45. Kg3 Kd6 46. Nb3 Nd7 47. Kf4 h6 48. Bxg6 Ne5 49. c5+ Ke6 50. Bf5+ Kf6 51. g4 Nc6 52. Be4 Nd8 53. g5+ hxg5+ 54. hxg5+ Ke7 55. g6 Kf6 56. Kg4 Ne6 57. Kh5 Kg7 58. Bf5 Nf4+ 59. Kg5 Nd5 60. c6 Nc7 61. Nc5 Nd5 62. Ne6+ Kg8 63. c7 Ne7 64. Nc5 Kg7 65. c8=Q Nxc8 66. Bxc8 1-0

[Event "14th Africa-ch (w)"]
[Site "Lilongwe MAW"]
[Date "2021.05.21"]
[Round "4.13"]
[White "Simwaba, Anne"]
[Black "Dutt, Lakshita"]
[Result "1-0"]
[WhiteElo "1269"]
[BlackElo "1499"]
[PlyCount "59"]
[EventDate "2021.05.18"]

1. c4 e5 2. Nc3 d6 3. Nf3 f5 4. d3 Nf6 5. Bg5 Be7 6. Bxf6 Bxf6 7. e4 Nc6 8. Be2 O-O 9. O-O Be6 10. exf5 Bxf5 11. Nd5 Ne7 12. Nxf6+ Rxf6 13. Qb3 b6 14. Nd2 Nc6 15. Ne4 Bxe4 16. dxe4 Nd4 17. Qd3 Qe8 18. b3 Qg6 19. f3 Ne6 20. Qd5 Raf8 21. Kh1 Kh8 22. Rf2 Nd4 23. Qb7 Qg5 24. Raf1 Qd2 25. Bd1 Qa5 26. Qxc7 h6 27. Qd7 R8f7 28. Qg4 Nc6 29. Qc8+ Kh7 30. Qxc6 1-0

[Event "14th Africa-ch (w)"]
[Site "Lilongwe MAW"]
[Date "2021.05.21"]
[Round "4.14"]
[White "Dlamini, Temahlubi Queen"]
[Black "Sy Mame, Binta"]
[Result "1-0"]
[WhiteElo "1413"]
[BlackElo "1349"]
[PlyCount "78"]
[EventDate "2021.05.18"]

1. e4 e5 2. c4 Nf6 3. Nc3 Bb4 4. Nd5 Bc5 5. Nxf6+ Qxf6 6. Nf3 d6 7. Be2 O-O 8. d3 Qg6 9. g3 Nc6 10. Nh4 Qf6 11. Nf3 Bg4 12. Be3 Nd4 13. Nxd4 Bb4+ 14. Bd2 Bxd2+ 15. Qxd2 Bd7 16. Nf3 Qe6 17. h4 c6 18. O-O-O d5 19. Ng5 Qd6 20. h5 h6 21. Nf3 b5 22. Nh4 Qc5 23. f4 exf4 24. Qxf4 Rab8 25. g4 f6 26. Ng6 Rfe8 27. e5 fxe5 28. Nxe5 Rf8 29. Nf7 Be6 30. Nxh6+ gxh6 31. Qxh6 Qd4 32. Qxe6+ Rf7 33. Rdf1 Rbf8 34. Rxf7 Rxf7 35. Rf1 Qg7 36. Qxf7+ Qxf7 37. Rxf7 Kxf7 38. cxb5 cxb5 39. d4 Kg7 1-0

[Event "14th Africa-ch (w)"]
[Site "Lilongwe MAW"]
[Date "2021.05.21"]
[Round "4.15"]
[White "Msukwa, Tupokiwe"]
[Black "Tadeyo, Charity"]
[Result "1-0"]
[WhiteElo "1304"]
[BlackElo "1084"]
[PlyCount "89"]
[EventDate "2021.05.18"]

1. d4 d5 2. c4 e6 3. Nc3 c5 4. dxc5 Bxc5 5. cxd5 Bb4 6. Qa4+ Nc6 7. dxc6 Bxc3+ 8. bxc3 Kf8 9. Nf3 Ne7 10. e4 Nxc6 11. Ba3+ Kg8 12. Be2 f6 13. O-O Kf7 14. Rfd1 Bd7 15. Bb5 Qc7 16. Rac1 Rhd8 17. Nd4 a6 18. Nxc6 Bxc6 19. Bxc6 Rxd1+ 20. Rxd1 Qxc6 21. Qxc6 bxc6 22. h3 h6 23. Rd7+ Kg6 24. Rc7 Rd8 25. Rxc6 Rd2 26. Rxa6 Rxa2 27. Ra5 Ra1+ 28. Kh2 e5 29. Bb4 Re1 30. f3 Re2 31. Rc5 h5 32. c4 h4 33. Rc7 Rc2 34. Bf8 f5 35. exf5+ Kxf5 36. Bxg7 Ke6 37. Bf8 Rc3 38. c5 Kd5 39. Be7 Rc4 40. c6 e4 41. fxe4+ Rxe4 42. Bd8 Kd6 43. Rc8 Rc4 44. c7 Kd7 45. Ra8 1-0

[Event "14th Africa-ch (w)"]
[Site "Lilongwe MAW"]
[Date "2021.05.23"]
[Round "5.1"]
[White "Nassr, Lina"]
[Black "Moaataz, Ayah"]
[Result "1-0"]
[WhiteElo "1960"]
[BlackElo "2028"]
[PlyCount "94"]
[EventDate "2021.05.18"]

1. e4 g6 2. d4 d6 3. Be3 Bg7 4. Nc3 Nf6 5. f3 O-O 6. Qd2 c5 7. dxc5 dxc5 8. Qxd8 Rxd8 9. Bxc5 Nc6 10. Bd3 Nd7 11. Be3 Nde5 12. Rd1 Nb4 13. Ke2 Nexd3 14. cxd3 b6 15. a3 Nc6 16. f4 Ba6 17. Nf3 Rd7 18. Rd2 Rad8 19. Rhd1 e5 20. fxe5 Nxe5 21. Nxe5 Bxe5 22. Nd5 Bb7 23. Bg5 Re8 24. Nf6+ Bxf6 25. Bxf6 Re6 26. e5 Bxg2 27. Rc1 Rc6 28. Rdc2 Rxc2+ 29. Rxc2 Bb7 30. Ke3 h6 31. h4 Kh7 32. Rc4 Kg8 33. Rd4 Bd5 34. Rb4 h5 35. a4 Kh7 36. Rd4 Kg8 37. b4 Kf8 38. a5 Ke8 39. Rf4 Bb3 40. Rd4 Rxd4 41. Kxd4 Kd7 42. axb6 axb6 43. b5 Ba2 44. Kc3 Bd5 45. d4 Ba2 46. Kd3 Bb1+ 47. Kc3 Ba2 1-0

[Event "14th Africa-ch (w)"]
[Site "Lilongwe MAW"]
[Date "2021.05.23"]
[Round "5.2"]
[White "Mwango, Lorita"]
[Black "Wafa, Shahenda"]
[Result "1/2-1/2"]
[WhiteElo "1912"]
[BlackElo "2145"]
[PlyCount "133"]
[EventDate "2021.05.18"]

1. d4 Nf6 2. c4 g6 3. Nc3 Bg7 4. Nf3 O-O 5. e3 d6 6. Be2 Nbd7 7. O-O e5 8. dxe5 dxe5 9. Qc2 c6 10. b3 Qe7 11. Bb2 e4 12. Nd2 Re8 13. Rad1 h5 14. Qc1 Nf8 15. Qa1 Bf5 16. Ncxe4 Bxe4 17. Nxe4 Qxe4 18. Bxf6 Bxf6 19. Qxf6 Qc2 20. Bf3 Qxa2 21. Rd3 Qa5 22. Rfd1 Nh7 23. Qc3 Qxc3 24. Rxc3 Nf8 25. Rcd3 Ne6 26. Rd7 Nc5 27. Rc7 Rac8 28. Rxc8 Rxc8 29. b4 Ne6 30. Ra1 a6 31. b5 axb5 32. cxb5 Ng5 33. Be2 cxb5 34. Bxb5 Ne4 35. Bd3 Nd6 36. Kf1 Kf8 37. Ke2 Ke7 38. Rb1 Rc5 39. e4 g5 40. Ke3 Kd7 41. g3 g4 42. f4 gxf3 43. Kxf3 Kc6 44. Kf4 f6 45. Rb2 b5 46. Rc2 Nc4 47. Be2 Kd6 48. h4 Kc6 49. g4 hxg4 50. Bxg4 b4 51. Be6 Kb5 52. Bd7+ Ka5 53. Ra2+ Kb6 54. Ba4 Ne5 55. Kf5 Nf3+ 56. Kxf6 Rh5 57. Rf2 Rxh4 58. Rxf3 Rxe4 59. Bb3 Kc5 60. Rd3 Rd4 61. Re3 Rh4 62. Ke5 Rh1 63. Rd3 Rh5+ 64. Kf4 Rh4+ 65. Kg3 Rd4 66. Re3 Rd1 67. Kf4 1/2-1/2

[Event "14th Africa-ch (w)"]
[Site "Lilongwe MAW"]
[Date "2021.05.23"]
[Round "5.3"]
[White "Ogbiyoyo, Perpetual Eloho"]
[Black "Banda, Natalie Katlo"]
[Result "1-0"]
[WhiteElo "1880"]
[BlackElo "1560"]
[PlyCount "43"]
[EventDate "2021.05.18"]

1. e4 c6 2. d4 d5 3. f3 e6 4. Nc3 Bb4 5. Bd2 Bxc3 6. Bxc3 dxe4 7. Qd2 exf3 8. Nxf3 Qd5 9. Bd3 Nf6 10. Ne5 h6 11. O-O b6 12. Bc4 Qd8 13. Qf4 O-O 14. Rad1 Bb7 15. Bb4 Re8 16. g4 a5 17. Be1 b5 18. Be2 Rf8 19. Bh4 Nh5 20. Qc1 Nf6 21. Rxf6 gxf6 22. Qxh6 1-0

[Event "14th Africa-ch (w)"]
[Site "Lilongwe MAW"]
[Date "2021.05.23"]
[Round "5.4"]
[White "Marape, Naledi"]
[Black "Shriyan, Santosh Priyasha"]
[Result "1/2-1/2"]
[WhiteElo "1717"]
[BlackElo "1285"]
[PlyCount "48"]
[EventDate "2021.05.18"]

1. e4 g6 2. d4 Bg7 3. Nf3 d6 4. Be2 Nd7 5. Nc3 e5 6. Bg5 Ngf6 7. O-O O-O 8. Re1 h6 9. Bc1 Re8 10. d5 Nf8 11. h3 c6 12. Bf1 Qc7 13. Bc4 b5 14. Bb3 b4 15. Nb1 cxd5 16. Bxd5 Nxd5 17. Qxd5 Bb7 18. Qd1 Rad8 19. c3 d5 20. exd5 Bxd5 21. Qe2 Qb7 22. cxb4 Qxb4 23. Nc3 Bxf3 24. Qxf3 Ne6 1/2-1/2

[Event "14th Africa-ch (w)"]
[Site "Lilongwe MAW"]
[Date "2021.05.23"]
[Round "5.5"]
[White "Ndirangu, Joyce Nyaruai"]
[Black "Charinda, Kudzanayi"]
[Result "0-1"]
[WhiteElo "1659"]
[BlackElo "1702"]
[PlyCount "175"]
[EventDate "2021.05.18"]

1. d4 Nf6 2. Bf4 e6 3. e3 d5 4. Nd2 c5 5. c3 Nc6 6. Ngf3 Be7 7. Bd3 O-O 8. Ne5 Nd7 9. Qh5 g6 10. Qh3 Ndxe5 11. dxe5 f6 12. Nf3 fxe5 13. Bh6 Rf7 14. e4 c4 15. Bc2 d4 16. O-O Bf6 17. Qg3 b5 18. cxd4 exd4 19. e5 Bg7 20. Bxg7 Rxg7 21. Be4 Bb7 22. Rad1 d3 23. Ng5 Nd4 24. Qg4 h5 25. Qh4 Rb8 26. Kh1 Bxe4 27. Qxe4 Qxg5 28. Qxd4 Rd8 29. Qc5 Rb7 30. b3 Qe7 31. Qc6 Qd7 32. Qe4 Kg7 33. bxc4 bxc4 34. Qxc4 Rc7 35. Qf4 d2 36. h3 Qd3 37. Kh2 Rdd7 38. Qf6+ Kh7 39. a3 Qc4 40. Rg1 Rd4 41. Rb1 Rf4 42. Qd8 Rxf2 43. Rb4 Qc5 44. Rb5 Qe7 45. Qd4 Qf7 46. Rd1 Rd7 47. Qe3 Qf4+ 48. Qxf4 Rxf4 49. Kg3 Re4 50. Rb2 Rxe5 51. Rbxd2 Rxd2 52. Rxd2 Re3+ 53. Kf4 Rxa3 54. Ke5 a5 55. Kxe6 Rb3 56. Kf6 Rb6+ 57. Kg5 Rb5+ 58. Kf6 Rf5+ 59. Ke6 Kh6 60. Ra2 Kg5 61. g3 Rb5 62. Kd6 h4 63. Kc6 Rf5 64. Ra4 hxg3 65. Rg4+ Kh5 66. Rxg3 g5 67. Kd6 Kh4 68. Ra3 a4 69. Ke6 Ra5 70. Kf6 Kh5 71. Kf7 Ra6 72. Kg7 Kh4 73. Kf7 Rb6 74. Kg7 Rb3 75. Rxa4+ Kxh3 76. Kg6 g4 77. Kg5 g3 78. Rh4+ Kg2 79. Ra4 Kg1 80. Kg4 g2 81. Ra8 Rd3 82. Rb8 Kf1 83. Rb1+ Ke2 84. Kh4 Rd1 85. Rb2+ Kf1 86. Kh3 g1=Q 87. Ra2 Rd3+ 88. Kh4 0-1

[Event "14th Africa-ch (w)"]
[Site "Lilongwe MAW"]
[Date "2021.05.23"]
[Round "5.6"]
[White "Vilhete, Vania Fausto"]
[Black "February, Jesse Nikki"]
[Result "0-1"]
[WhiteElo "1799"]
[BlackElo "1824"]
[PlyCount "110"]
[EventDate "2021.05.18"]

1. d4 Nf6 2. c4 e6 3. Nf3 b6 4. e3 Bb7 5. Bd3 Bb4+ 6. Bd2 Be7 7. O-O Ne4 8. Nc3 Nxd2 9. Nxd2 O-O 10. Qh5 g6 11. Qh3 d6 12. Rfd1 Nd7 13. Rac1 f5 14. e4 Nf6 15. exf5 exf5 16. Re1 c5 17. d5 Nh5 18. Bf1 Bc8 19. Qf3 Bg5 20. Rcd1 a6 21. Ne2 Re8 22. Qd3 Bd7 23. Nf3 Bh6 24. Ng3 Nf4 25. Qc2 Qf6 26. Rxe8+ Rxe8 27. Re1 Rxe1 28. Nxe1 Bg7 29. b3 h5 30. Ne2 Nxe2+ 31. Qxe2 f4 32. h3 Kh7 33. Qf3 Kh6 34. Nd3 g5 35. h4 Bg4 36. hxg5+ Kxg5 37. Qe4 h4 38. Kh2 Bh5 39. Be2 Bg6 40. Qf3 Qf5 41. b4 Bd4 42. bxc5 bxc5 43. a3 Be8 44. Kh1 Bg6 45. Kh2 Be5 46. Nxe5 dxe5 47. d6 e4 48. Qg4+ Qxg4 49. Bxg4 Kf6 50. d7 Ke7 51. Be6 e3 52. fxe3 fxe3 53. Kg1 Bd3 54. g3 hxg3 55. a4 e2 0-1

[Event "14th Africa-ch (w)"]
[Site "Lilongwe MAW"]
[Date "2021.05.23"]
[Round "5.7"]
[White "Nakabo, Peninah"]
[Black "Wanjiru, Lucy"]
[Result "1-0"]
[WhiteElo "1730"]
[BlackElo "1623"]
[PlyCount "67"]
[EventDate "2021.05.18"]

1. e4 Nc6 2. d4 e5 3. d5 Nce7 4. f4 exf4 5. Bxf4 Ng6 6. Bg3 Nf6 7. Nd2 Bc5 8. Qf3 d6 9. h3 a6 10. O-O-O Qe7 11. Qb3 Nd7 12. Ngf3 Nde5 13. Be2 O-O 14. Kb1 f5 15. Nxe5 Nxe5 16. Rhf1 b5 17. Rde1 Bd7 18. exf5 Bxf5 19. Bxe5 Qxe5 20. Bd3 Qd4 21. Nf3 Qb4 22. Bxf5 Rxf5 23. Qd3 Rff8 24. Ng5 Qh4 25. Ne6 Rf7 26. Qc3 Bb4 27. Qc6 Rb8 28. c3 Qg3 29. Ka1 Rxf1 30. Rxf1 Qxg2 31. Rb1 Ba5 32. Qd7 Qg3 33. Rf1 Qg2 34. Qf7+ 1-0

[Event "14th Africa-ch (w)"]
[Site "Lilongwe MAW"]
[Date "2021.05.23"]
[Round "5.8"]
[White "Marochkina, Nadezhda Valerevna"]
[Black "Mpinganjira, Ellen"]
[Result "1-0"]
[WhiteElo "1639"]
[BlackElo "1356"]
[PlyCount "76"]
[EventDate "2021.05.18"]

1. d4 c5 2. e3 d6 3. Nf3 Nc6 4. dxc5 Qa5+ 5. Bd2 Qxc5 6. Be2 Qb6 7. Bc3 Nf6 8. Nbd2 Nd5 9. Ne4 Nxc3 10. Nxc3 Qxb2 11. Nd5 Qa3 12. Nc7+ Kd8 13. Nxa8 Qa5+ 14. Qd2 Qxd2+ 15. Nxd2 Nb4 16. O-O Nc6 17. Bf3 Ne5 18. Rab1 Nxf3+ 19. Nxf3 g6 20. Rfd1 b6 21. Ne5 Ke8 22. Nc7+ Kd8 23. Nxf7+ Kxc7 24. Nxh8 Be6 25. c4 g5 26. e4 Bg7 27. Ng6 hxg6 28. Rbc1 Bb2 29. Rc2 Ba3 30. Rd3 Bc5 31. h3 Bd7 32. Rg3 Ba4 33. Rc1 Bb4 34. Rd3 Bc5 35. Rd5 Bc6 36. Rxg5 Bxe4 37. Re1 Bd3 38. Rxe7+ Kc6 1-0

[Event "14th Africa-ch (w)"]
[Site "Lilongwe MAW"]
[Date "2021.05.23"]
[Round "5.9"]
[White "Mongeli, Sasha"]
[Black "Msukwa, Tupokiwe"]
[Result "1/2-1/2"]
[WhiteElo "1553"]
[BlackElo "1304"]
[PlyCount "82"]
[EventDate "2021.05.18"]

1. e4 c5 2. Nf3 e6 3. d3 Nc6 4. g3 d5 5. Nbd2 Nf6 6. Bg2 dxe4 7. dxe4 Be7 8. O-O O-O 9. b3 Qc7 10. Bb2 Rd8 11. Qe2 b6 12. Rad1 Bb7 13. a3 Rd7 14. e5 Ne8 15. Ne4 Rad8 16. Rxd7 Rxd7 17. Rd1 Nd4 18. Nxd4 cxd4 19. Bxd4 Bxa3 20. c3 Be7 21. Ra1 Bd5 22. Nd2 Bxg2 23. Kxg2 Bb4 24. Qc4 Qb7+ 25. Kg1 Be7 26. Qb5 Qc8 27. Qa6 Qd8 28. Qe2 Bc5 29. Nf3 Bxd4 30. Nxd4 Qc7 31. Qe3 g6 32. Nb5 Qb8 33. g4 Nc7 34. Nd6 Nd5 35. Qd2 f6 36. f4 Nxf4 37. Qxf4 fxe5 38. Qxe5 Rxd6 39. Re1 Qc7 40. c4 Qc5+ 41. Qxc5 bxc5 1/2-1/2

[Event "14th Africa-ch (w)"]
[Site "Lilongwe MAW"]
[Date "2021.05.23"]
[Round "5.10"]
[White "Badenhorst, Chloe"]
[Black "Dlamini, Temahlubi Queen"]
[Result "1-0"]
[WhiteElo "1316"]
[BlackElo "1413"]
[PlyCount "49"]
[EventDate "2021.05.18"]

1. e4 c5 2. Nc3 Nc6 3. g3 e6 4. Bg2 Nge7 5. Nge2 Ng6 6. O-O h5 7. h3 Be7 8. d3 Nd4 9. f4 h4 10. g4 d6 11. Be3 Nxe2+ 12. Qxe2 e5 13. f5 Nf4 14. Bxf4 exf4 15. Nd5 Bg5 16. Qf3 Bf6 17. Nxf6+ Qxf6 18. Qxf4 O-O 19. g5 Qxb2 20. Qxh4 Bd7 21. g6 Qd4+ 22. Kh1 fxg6 23. fxg6 Rxf1+ 24. Rxf1 d5 25. Qh7# 1-0

[Event "14th Africa-ch (w)"]
[Site "Lilongwe MAW"]
[Date "2021.05.23"]
[Round "5.11"]
[White "Simwaba, Anne"]
[Black "Bobrova, Lubov"]
[Result "1-0"]
[WhiteElo "1269"]
[BlackElo "1397"]
[PlyCount "89"]
[EventDate "2021.05.18"]

1. c4 c6 2. Nc3 d5 3. cxd5 cxd5 4. d4 a6 5. Nf3 Nf6 6. e3 e6 7. Be2 Bd6 8. O-O Nc6 9. b3 O-O 10. Bb2 b5 11. Rc1 Bb7 12. h3 Rc8 13. a4 b4 14. Nb1 Qd7 15. Qd3 Rc7 16. Nbd2 Rfc8 17. Nh2 Na5 18. Rxc7 Qxc7 19. Nhf3 Qc2 20. Qxc2 Rxc2 21. Bc1 Nxb3 22. Nxb3 Rxe2 23. Na5 Bc8 24. Bd2 Ne4 25. Rc1 Bd7 26. Nb7 Nxd2 27. Nxd6 Nxf3+ 28. gxf3 Kf8 29. Rb1 Ke7 30. Nb7 Bxa4 31. Rxb4 Ra2 32. Nc5 Bd1 33. Kg2 g6 34. Rb7+ Kf6 35. Nd7+ Kg7 36. Ne5 a5 37. Rxf7+ Kg8 38. Ra7 a4 39. Ra8+ Kg7 40. Ra7+ Kh6 41. Ng4+ Kg5 42. Rf7 h5 43. f4+ Kh4 44. Ne5 Bc2 45. Nf3# 1-0

[Event "14th Africa-ch (w)"]
[Site "Lilongwe MAW"]
[Date "2021.05.23"]
[Round "5.13"]
[White "Staal, Michaela Francis"]
[Black "Mwilola, Phylis Namasiku"]
[Result "1-0"]
[WhiteElo "1356"]
[BlackElo "1432"]
[PlyCount "119"]
[EventDate "2021.05.18"]

1. e4 d6 2. d4 Nf6 3. Nc3 g6 4. Be2 Bg7 5. g4 c5 6. g5 Ng8 7. dxc5 Bxc3+ 8. bxc3 dxc5 9. Qxd8+ Kxd8 10. Be3 b6 11. Rd1+ Nd7 12. Bb5 a6 13. Bc6 Ra7 14. f4 Kc7 15. Ba4 e6 16. f5 Ne7 17. Bf4+ e5 18. Bxd7 exf4 19. Bxc8 Rxc8 20. f6 Nc6 21. Kf2 Rd8 22. Nh3 Raa8 23. Nxf4 Rxd1 24. Rxd1 Rd8 25. Nd5+ Kb7 26. Rb1 b5 27. a4 Na7 28. axb5 axb5 29. c4 b4 30. c3 Nc6 31. cxb4 Nxb4 32. Nxb4 cxb4 33. Rxb4+ Kc6 34. Ke3 Kc5 35. Rb7 Rf8 36. Kd3 Kd6 37. Kd4 Kc6 38. Re7 Rd8+ 39. Ke5 Rf8 40. h4 Kc5 41. Rc7+ Kb6 42. Kd6 Rd8+ 43. Rd7 Re8 44. e5 Rc8 45. Rxf7 Rc6+ 46. Kd5 Rc5+ 47. Kd4 Rc8 48. e6 Kc6 49. e7 Kd7 50. Rf8 Re8 51. Rxe8 Kxe8 52. c5 Kd7 53. c6+ Ke8 54. c7 Kd7 55. c8=Q+ Kxc8 56. e8=Q+ Kc7 57. f7 h6 58. f8=Q h5 59. Qc5+ Kb7 60. Qec8# 1-0

[Event "14th Africa-ch (w)"]
[Site "Lilongwe MAW"]
[Date "2021.05.23"]
[Round "5.15"]
[White "Dutt, Lakshita"]
[Black "Trapence, Caroline"]
[Result "1-0"]
[WhiteElo "1499"]
[BlackElo "1341"]
[PlyCount "93"]
[EventDate "2021.05.18"]

1. d4 e5 2. dxe5 Bc5 3. Nf3 d6 4. exd6 Ne7 5. Nc3 Bxd6 6. Ne4 Bb4+ 7. Bd2 Nbc6 8. a3 Ba5 9. Bxa5 Qxd1+ 10. Rxd1 Nxa5 11. e3 Bf5 12. Bd3 O-O-O 13. O-O f6 14. Nc5 Bg4 15. Be2 b6 16. Ne4 Bxf3 17. Bxf3 h6 18. Be2 Ng6 19. b3 Ne7 20. Rd2 f5 21. Rxd8+ Rxd8 22. Nc3 c6 23. Rd1 Nb7 24. Ba6 Rxd1+ 25. Nxd1 Nd5 26. c4 Nf6 27. f3 Kc7 28. Bxb7 Kxb7 29. Nc3 a6 30. Kf2 g5 31. e4 f4 32. g3 Nh5 33. Ne2 fxg3+ 34. hxg3 Ng7 35. Nd4 h5 36. Nf5 Ne8 37. f4 g4 38. e5 c5 39. Ke3 Kc6 40. Ke4 Kd7 41. Nh4 b5 42. f5 b4 43. a4 Ke7 44. Kd5 Nc7+ 45. Kxc5 a5 46. Kb6 Kd7 47. Kxa5 1-0

[Event "14th Africa-ch (w)"]
[Site "Lilongwe MAW"]
[Date "2021.05.23"]
[Round "5.16"]
[White "Tadeyo, Charity"]
[Black "Banda, Tapiwa"]
[Result "0-1"]
[WhiteElo "1084"]
[BlackElo "1087"]
[PlyCount "62"]
[EventDate "2021.05.18"]

1. d4 f5 2. e3 d5 3. Nf3 e6 4. c4 c6 5. Nc3 Bb4 6. cxd5 cxd5 7. Ne5 Nc6 8. Bb5 Bd7 9. Bxc6 Bxc6 10. Qh5+ g6 11. Nxg6 Nf6 12. Nxh8+ Nxh5 13. Bd2 Bxc3 14. Bxc3 Qf6 15. O-O Qxh8 16. a4 Nf6 17. b4 Ne4 18. Bb2 b5 19. f3 Nd2 20. Rf2 Nc4 21. axb5 Bxb5 22. Bc1 h5 23. h3 a6 24. f4 h4 25. Rc2 Kd7 26. Bd2 Rg8 27. Rac1 Qg7 28. Be1 Kd6 29. Bxh4 Qh6 30. g3 Qxh4 31. Rc3 Qxg3+ 0-1